000 01185mam a2200301 a 4500
001 1859633
005 20150430104735.0
008 951023s1996 ilua b 001 0 eng
010 _a 95045231
020 _a0226037304 (cloth : acidfree paper)
020 _a0226037312 (pbk. : acidfree paper)
035 _a(OCoLC)ocm33405986
040 _aDLC
_cDLC
_dOrLoB-B
050 0 0 _aQ175
_b.B2184 1996
082 0 0 _a306.4/5
_220
100 1 _aBarnes, Barry.
_917573
245 1 0 _aScientific knowledge :
_ba sociological analysis /
_cBarry Barnes, David Bloor & John Henry.
260 _aChicago :
_bUniversity of Chicago Press,
_c1996.
300 _axii, 230 p. :
_bill. ;
_c23 cm.
504 _aIncludes bibliographical references (p. [215]-225) and index.
505 0 0 _g1.
_tObservation and Experience --
_g2.
_tInterpretation --
_g3.
_tWords and the World --
_g4.
_tBeyond Experience --
_g5.
_tSociological Projects --
_g6.
_tDrawing Boundaries --
_g7.
_tProof and Self-Evidence.
650 0 _aScience
_xPhilosophy.
_917574
650 0 _aScience
_xPsychology.
_917575
700 1 _aBloor, David.
_917576
700 1 _aHenry, John.
_95818
900 _bTOC
942 _2lcc
_cMONOGRAPH
999 _c122777
_d122777